| 000 | 00784nam a2200205Ia 4500 | ||
|---|---|---|---|
| 003 | GCL | ||
| 008 | 140319s9999 xx 000 0 ara d | ||
| 040 |
_aGCL / _cGCL |
||
| 082 | 0 | 4 |
_a956.4504 _bم ت |
| 100 | 1 | _aمحمد نورالدين | |
| 245 | 1 | 0 |
_aتركيا فى الزمن المتحول : قلق الهوية وصراع الخيارات / _cمحمد نورالدين |
| 300 | _a312 ص | ||
| 490 |
_aالهيئة العامة للاستعلامات _v0 |
||
| 650 | 0 | 4 | _aتركيا - تاريخ - العصر الحديث |
| 650 | 0 | 4 | _aتركيا - العلاقات الخارجية - اسرائيل |
| 650 | 0 | 4 | _aاليونان - الحدود السياسية |
| 650 | 0 | 4 | _aتركيا - حزب الرفاه |
| 650 | 0 | 4 | _aالعلمانية, تركيا |
| 942 |
_2ddc _cBK |
||
| 999 |
_c47738 _d47738 |
||